Matrix logic and mind : a probe into a unified theory of mind and matter /

Guardado en:
Autor Principal: Stern, August, 1945-
Formato: Libro
Idioma:English
Publicado: Amsterdam : North-Holland/Elsevier, 1992.
Materias:
Acceso en línea:Publisher description
Etiquetas: Agregar Etiqueta
Sin Etiquetas, Sea el primero en etiquetar este registro!
LEADER 00855pam a2200217 a 4500
001 MAT.inmabb003917
008 911205s1992####ne#a##########001#0#eng##
005 20160803173507.0
245 1 0 |a Matrix logic and mind :  |b a probe into a unified theory of mind and matter /  |c August Stern. 
260 |a Amsterdam :  |b North-Holland/Elsevier,  |c 1992. 
300 |a xi, 290 p. :  |b il. ;  |c 25 cm. 
505 0 |a 1. Conventional logic -- 2. Matrix logic -- 3. Intelligent interactions -- 4. Problems and solutions. 
510 4 |a MR,  |c 93e:03009 
020 |a 0444887989 
100 1 |a Stern, August,  |d 1945- 
650 0 |a Matrix logic. 
084 |a 03A05 (00A30 00A69 03B60 81P99)  |2 MR 
010 |a  91042987  
040 |a DLC  |c DLC  |d DLC 
856 4 2 |3 Publisher description  |u http://www.loc.gov/catdir/enhancements/fy0601/91042987-d.html 
859 |h 03  |i St839  |p A-6555  |b BIB. MATEMATICA